书目信息 |
| 题名: |
陕西历史人口地理
|
|
| 作者: | 薛平拴 著 | |
| 分册: | ||
| 出版信息: | 北京 人民出版社 2001.7 |
|
| 页数: | 484页 | |
| 开本: | 20cm | |
| 丛书名: | ||
| 单 册: | ||
| 中图分类: | C922.241 | |
| 科图分类: | ||
| 主题词: | 人口地理学--中国--陕西省 | |
| 电子资源: | ||
| ISBN: | 7-01-003391-9 | |
| 000 | 00558nam0 2200193 45 | |
| 001 | 0201270854 | |
| 005 | 20041202085624.6 | |
| 010 | @a7-01-003391-9@dCNY28.00 | |
| 100 | @a20020127d2001 km y0chiy0120 ea | |
| 101 | 0 | @achi |
| 105 | @a z 000yy | |
| 200 | 1 | @a陕西历史人口地理@AShan Xi Li Shi Ren Kou Di Li@f薛平拴著@FXue Ping Shuan Zhu |
| 210 | @a北京@c人民出版社@d2001.7 | |
| 215 | @a484页@d20cm | |
| 606 | 0 | @a人口地理学@y中国@y陕西省 |
| 690 | @aC922.241@v4 | |
| 701 | 0 | @a薛平拴@4著 |
| 801 | @aCN@bTSTC@c20020127 | |
| 905 | @b304735-739@dC922.241@e44@f5 | |
| 陕西历史人口地理/薛平拴著.-北京:人民出版社,2001.7 |
| 484页;20cm |
| ISBN 7-01-003391-9:CNY28.00 |
| ● |
| 相关链接 |
|
|
|
|
正题名:陕西历史人口地理
索取号:C922.241/44
 
预约/预借
| 序号 | 登录号 | 条形码 | 馆藏地/架位号 | 状态 | 备注 |
| 1 | 0304735 | 203047354 | 第一借阅区/ [索取号:C922.241/44] | 在馆 | |
| 2 | 0304736 | 203047363 | 第一借阅区/ [索取号:C922.241/44] | 在馆 | |
| 3 | 0304737 | 203047372 | 第一借阅区/ [索取号:C922.241/44] | 在馆 | |
| 4 | 0304738 | 203047381 | 第一借阅区/ [索取号:C922.241/44] | 在馆 | |
| 5 | 0304739 | 203047390 | 第一样本阅览室/ [索取号:C922.241/44] | 在馆 |